000 00563nam a22001937a 4500
005 20220408101530.0
008 220408b ||||| |||| 00| 0 eng d
020 _a9780002156608
040 _cAL
041 _aEnglish
082 _223
_a354.4707
_bGORP
100 _aMikhail Gorbachev
_928451
245 _aPerestroika:new thinking for our countrry and the world
260 _aLondon
_bWilliam Collins sons and Co.Ltd
_c1987
300 _a254 p.
_bHB
_c23x16 cm.
650 _aSoviet union
_928452
700 _aGORBACHEV (Mikhail)
_928453
942 _2ddc
_cGF
999 _c222276
_d222276